000 00517nam a2200181Ia 4500
005 20250508161213.0
008 008 250505s9999 xx 000 0 eng d
037 _aBooks to be hide in OPAC
040 _aFEDL
_beng
_cFEDL
041 _aeng
_2eng
084 _a371.335, GRE
_qFEDL
100 _aGreen T L
_992039
245 0 _aMaking and using film strips
260 _aLondon, UK
_bSir Isaac Pitman and Sons, Ltd
300 _axxi,104p.
942 _cHB
_h371.335, GRE
999 _c1368879
_d1368879